000 00698nam a2200229Ia 4500
005 20250508164539.0
008 008 250505s9999 xx 000 0 eng d
037 _aTextual
040 _aFEDL
_beng
_cFEDL
041 _aeng
_2eng
084 _a370.1523, BLU
_qFEDL
100 _aBlumberg Arthur
_9580349
245 0 _aUnwritten curriculum : Things learned but not taught in school
260 _aThousand Oaks, Calfornia
_bCorwin Press
_c1994
300 _axiii,120p.
365 _aUSD
_b18
546 _aMACESE
650 _aEducational psychology - Learning
_9778405
700 _a Blumberg Phyllis
_9778406
942 _cTEXL
_h370.1523, BLU
999 _c1389719
_d1389719